000
00277nam a22001337a 4500
003
SGT
082
_a
KHA 530
100
_a
KHANNA,M.P
245
_a
INTRODUCTION TO PARTICLE PHYSICS
260
_a
NEW DELHI
_b
PHI
_c
2013
300
_a
297
650
_a
PHYSICS
942
_2
ddc
_c
FPS
999
_c
10098
_d
10098